Women in islamic culture and society : (Record no. 123583)

MARC details
000 -LEADER
fixed length control field 00852nam a22002537a 4500
003 - CONTROL NUMBER IDENTIFIER
control field dpl
005 - DATE AND TIME OF LATEST TRANSACTION
control field 20180809125908.0
008 - FIXED-LENGTH DATA ELEMENTS--GENERAL INFORMATION
fixed length control field 180809b xxu||||| |||| 00| 0 eng d
010 ## - LIBRARY OF CONGRESS CONTROL NUMBER
LC control number A-945499
020 ## - INTERNATIONAL STANDARD BOOK NUMBER
International Standard Book Number 8173912688
Terms of availability 00.00
035 ## - SYSTEM CONTROL NUMBER
System control number A-945499, A-945503
037 ## - SOURCE OF ACQUISITION
Source of stock number/acquisition Cen Lib/Ret
040 ## - CATALOGING SOURCE
Original cataloging agency DPL
Language of cataloging EN
Transcribing agency 0
082 ## - DEWEY DECIMAL CLASSIFICATION NUMBER
Classification number 305.4
Item number SIK
100 ## - MAIN ENTRY--PERSONAL NAME
Personal name Sikri,Rehana
9 (RLIN) 7023
245 ## - TITLE STATEMENT
Title Women in islamic culture and society :
Statement of responsibility, etc by Rehana Sikri
Remainder of title Astudy of family, feminism and franchise /
260 ## - PUBLICATION, DISTRIBUTION, ETC. (IMPRINT)
Place of publication, distribution, etc New Delhi
Name of publisher, distributor, etc Kanishka publishers distributors
Date of publication, distribution, etc 1999
270 ## - ADDRESS
Address 4697/5-21A, Ansari road Darya Ganj
City New Delhi
Postal code 110002
300 ## - PHYSICAL DESCRIPTION
Extent 328p.
Dimensions 21cm(Hb)
500 ## - GENERAL NOTE
General note Includes index
650 ## - SUBJECT ADDED ENTRY--TOPICAL TERM
Topical term or geographic name as entry element Women in islamic -culture and society
9 (RLIN) 7024
650 ## - SUBJECT ADDED ENTRY--TOPICAL TERM
Topical term or geographic name as entry element Women status -islam religion
9 (RLIN) 7025
942 ## - ADDED ENTRY ELEMENTS (KOHA)
Source of classification or shelving scheme Dewey Decimal Classification
Koha item type English Books
Classification part 305.4
Call number suffix SIK
Holdings
Withdrawn status Lost status Damaged status Not for loan Home library Current library Date acquired Source of acquisition Cost, normal purchase price Total Checkouts Full call number Barcode Date last seen Copy number Cost, replacement price Price effective from Koha item type Source of classification or shelving scheme Collection code
        Central Library Central Library 09/06/2015 Cen Lib/Ret 0.00   305.4 SIK A-945499 09/06/2015 1 0.00 09/06/2015 English Books    
        Shahdara Branch Shahdara Branch 09/08/2018 BPPD/PUB 0.00   305.4 SIK A-945503 09/08/2018   0.00 09/08/2018 English Books Dewey Decimal Classification Non-fiction

© Delhi Public Library
Hit Counter
free hit counter